000 00560cam a2200181 4500500
005 20260405003944.0
041 _afre
042 _adc
100 1 0 _aLarmagnac-Matheron, Octave
_eauthor
245 0 0 _aQu’est-ce que la “nowstalgie” ?
260 _c2025.
500 _a33
690 _aGérald Bronner
690 _aNostalgie
690 _aPrésent
786 0 _nPhilosophie magazine | 193 | 10 | 2025-10-01 | p. 7-7 | 1951-1787
856 4 1 _uhttps://shs.cairn.info/magazine-philosophie-magazine-2025-10-page-7?lang=fr&redirect-ssocas=7080
999 _c2072407
_d2072407